<?xml version="1.0" encoding="UTF-8"?>
<record
    xmlns:xsi="http://www.w3.org/2001/XMLSchema-instance"
    xsi:schemaLocation="http://www.loc.gov/MARC21/slim http://www.loc.gov/standards/marcxml/schema/MARC21slim.xsd"
    xmlns="http://www.loc.gov/MARC21/slim">

  <leader>01364nam a22002777a 4500</leader>
  <controlfield tag="005">20170124103205.0</controlfield>
  <datafield tag="010" ind1=" " ind2=" ">
    <subfield code="a">B-069689</subfield>
  </datafield>
  <datafield tag="020" ind1=" " ind2=" ">
    <subfield code="c">125.00</subfield>
    <subfield code="a">8188155039</subfield>
  </datafield>
  <datafield tag="035" ind1=" " ind2=" ">
    <subfield code="a">B-069689</subfield>
  </datafield>
  <datafield tag="037" ind1=" " ind2=" ">
    <subfield code="b">Cen Lib/Ret</subfield>
  </datafield>
  <datafield tag="040" ind1=" " ind2=" ">
    <subfield code="a">DPL</subfield>
    <subfield code="b">HN</subfield>
  </datafield>
  <datafield tag="082" ind1=" " ind2=" ">
    <subfield code="a">575.10724</subfield>
    <subfield code="b">&#x915;&#x948;&#x938;&#x932;&#x93F; </subfield>
  </datafield>
  <datafield tag="100" ind1=" " ind2=" ">
    <subfield code="a">&#x915;&#x948;&#x938;, &#x932;&#x93F;&#x92F;&#x94B;&#x928; &#x906;&#x930;. </subfield>
    <subfield code="9">71521</subfield>
  </datafield>
  <datafield tag="245" ind1=" " ind2=" ">
    <subfield code="a">&#x92E;&#x93E;&#x928;&#x935; &#x915;&#x94D;&#x932;&#x94B;&#x928;&#x93F;&#x902;&#x917; &#x915;&#x940; &#x928;&#x948;&#x924;&#x93F;&#x915;&#x924;&#x93E; /</subfield>
    <subfield code="c">&#x932;&#x93F;&#x92F;&#x94B;&#x928; &#x906;&#x930;. &#x915;&#x948;&#x938; [&#x914;&#x930;] &#x91C;&#x947;&#x92E;&#x94D;&#x938; &#x915;&#x94D;&#x92F;&#x942;. &#x935;&#x93F;&#x932;&#x94D;&#x938;&#x928; ; &#x905;&#x928;&#x941;&#x935;&#x93E;&#x926;&#x915; &#x930;&#x947;&#x923;&#x941; &#x926;&#x924;&#x94D;&#x924; </subfield>
  </datafield>
  <datafield tag="246" ind1=" " ind2=" ">
    <subfield code="a">Manav cloning ki naitikta /</subfield>
    <subfield code="b">by Leon R. Kass [aur] James Q. Wilson ; anuvadak Renu datta </subfield>
  </datafield>
  <datafield tag="260" ind1=" " ind2=" ">
    <subfield code="a">&#x928;&#x908; &#x926;&#x93F;&#x932;&#x94D;&#x932;&#x940; </subfield>
    <subfield code="b">&#x930;&#x93E;&#x91C;&#x915;&#x92E;&#x932; &#x92A;&#x94D;&#x930;&#x915;&#x93E;&#x936;&#x928; </subfield>
    <subfield code="c">2002</subfield>
  </datafield>
  <datafield tag="270" ind1=" " ind2=" ">
    <subfield code="b">&#x928;&#x908; &#x926;&#x93F;&#x932;&#x94D;&#x932;&#x940; </subfield>
    <subfield code="a">1-&#x92C;&#x940;, &#x928;&#x947;&#x924;&#x93E;&#x91C;&#x940; &#x938;&#x941;&#x92D;&#x93E;&#x937; &#x92E;&#x93E;&#x930;&#x94D;&#x917; </subfield>
    <subfield code="e">110001</subfield>
  </datafield>
  <datafield tag="300" ind1=" " ind2=" ">
    <subfield code="a">xviii, 91&#x92A;&#x943;. </subfield>
    <subfield code="c">21&#x938;&#x947;&#x92E;&#x940;.(&#x938;&#x91C;&#x93F;&#x932;&#x94D;&#x926;)</subfield>
  </datafield>
  <datafield tag="650" ind1=" " ind2=" ">
    <subfield code="a">&#x92E;&#x93E;&#x928;&#x935; &#x915;&#x94D;&#x932;&#x94B;&#x928; </subfield>
    <subfield code="9">34</subfield>
  </datafield>
  <datafield tag="650" ind1=" " ind2=" ">
    <subfield code="a">&#x92E;&#x93E;&#x928;&#x935; &#x92A;&#x94D;&#x930;&#x91C;&#x928;&#x928; -- &#x928;&#x90F; &#x938;&#x902;&#x938;&#x93E;&#x927;&#x928; </subfield>
    <subfield code="9">93399</subfield>
  </datafield>
  <datafield tag="650" ind1=" " ind2=" ">
    <subfield code="a">Human clone</subfield>
    <subfield code="9">93400</subfield>
  </datafield>
  <datafield tag="650" ind1=" " ind2=" ">
    <subfield code="a">Human reproduction -- New resource</subfield>
    <subfield code="9">93401</subfield>
  </datafield>
  <datafield tag="700" ind1=" " ind2=" ">
    <subfield code="a">&#x935;&#x93F;&#x932;&#x94D;&#x938;&#x928;, &#x91C;&#x947;&#x92E;&#x94D;&#x938; &#x915;&#x94D;&#x92F;&#x942;. </subfield>
    <subfield code="9">7478</subfield>
  </datafield>
  <datafield tag="700" ind1=" " ind2=" ">
    <subfield code="a">&#x926;&#x924;&#x94D;&#x924;, &#x930;&#x947;&#x923;&#x941; </subfield>
    <subfield code="9">93402</subfield>
  </datafield>
  <datafield tag="942" ind1=" " ind2=" ">
    <subfield code="2">ddc</subfield>
    <subfield code="c">HN</subfield>
    <subfield code="h">575.10724</subfield>
    <subfield code="m">&#x915;&#x948;&#x938;&#x932;&#x93F; </subfield>
  </datafield>
  <datafield tag="999" ind1=" " ind2=" ">
    <subfield code="c">120920</subfield>
    <subfield code="d">120920</subfield>
  </datafield>
  <datafield tag="952" ind1=" " ind2=" ">
    <subfield code="0">0</subfield>
    <subfield code="1">0</subfield>
    <subfield code="4">0</subfield>
    <subfield code="7">0</subfield>
    <subfield code="a">L</subfield>
    <subfield code="b">L</subfield>
    <subfield code="d">2015-09-29</subfield>
    <subfield code="e">Cen Lib/Ret</subfield>
    <subfield code="g">125.00</subfield>
    <subfield code="l">0</subfield>
    <subfield code="o">575.10724 &#x915;&#x948;&#x938;&#x932;&#x93F;</subfield>
    <subfield code="p">B-069689</subfield>
    <subfield code="r">2015-09-29 00:00:00</subfield>
    <subfield code="t">1</subfield>
    <subfield code="v">125.00</subfield>
    <subfield code="w">2015-09-29</subfield>
    <subfield code="y">HN</subfield>
  </datafield>
</record>
